Mecánica de suelos : Flujo de Agua en Suelos. Tomo III (Registro nro. 1054)
[ vista simple ]
| 000 -LEADER | |
|---|---|
| fixed length control field | 00885nam a2200265Ia 4500 |
| 005 - DATE AND TIME OF LATEST TRANSACTION | |
| control field | 20251020182457.0 |
| 008 - FIXED-LENGTH DATA ELEMENTS--GENERAL INFORMATION | |
| fixed length control field | 200515s9999 xx 000 0 und d |
| 020 ## - INTERNATIONAL STANDARD BOOK NUMBER | |
| International Standard Book Number | 978-968-18-0471-829. |
| 082 ## - DEWEY DECIMAL CLASSIFICATION NUMBER | |
| Classification number | 624.131/J81/3 |
| 100 ## - MAIN ENTRY--PERSONAL NAME | |
| Personal name | Juarez Badillo, Eualio |
| 100 ## - MAIN ENTRY--PERSONAL NAME | |
| Personal name | Rico Rodríguez, Alfonso |
| 245 #0 - TITLE STATEMENT | |
| Title | Mecánica de suelos : Flujo de Agua en Suelos. Tomo III |
| 260 ## - PUBLICATION, DISTRIBUTION, ETC. | |
| Place of publication, distribution, etc. | México, D.F. |
| 260 ## - PUBLICATION, DISTRIBUTION, ETC. | |
| Name of publisher, distributor, etc. | LIMUSA |
| 260 ## - PUBLICATION, DISTRIBUTION, ETC. | |
| Date of publication, distribution, etc. | 2010 |
| 300 ## - PHYSICAL DESCRIPTION | |
| Extent | 414 p. |
| 300 ## - PHYSICAL DESCRIPTION | |
| Other physical details | il., tbl., graf. |
| 500 ## - GENERAL NOTE | |
| General note | 1 ejemplar. Tomo III. |
| 520 ## - SUMMARY, ETC. | |
| Summary, etc. | Contiene un estudio dedicado al flujo de las aguas y a su influencia en los problemas de resistencia y comportamiento en general de los suelos Trata de la teoría de las redes de flujo de agua a través de presas de tierra. |
| 650 ## - SUBJECT ADDED ENTRY--TOPICAL TERM | |
| Topical term or geographic name entry element | ESTUDIO DE SUELOS |
| 650 ## - SUBJECT ADDED ENTRY--TOPICAL TERM | |
| Topical term or geographic name entry element | PRESAS |
| 650 ## - SUBJECT ADDED ENTRY--TOPICAL TERM | |
| Topical term or geographic name entry element | SUELOS |
| 942 ## - ADDED ENTRY ELEMENTS (KOHA) | |
| Koha item type | Libros |
| Fecha de la última vez que lo usaron | Pago total | Signatura topográfica completa | Código de barras | Precio efectivo desde | Tipo de documento | Estado perdido | Estado dañado | No es para préstamo | Retirado | Ubicación permanente | Ubicación actual | Fecha de adquisición |
|---|---|---|---|---|---|---|---|---|---|---|---|---|
| 15/05/2020 | 624.131/J81/3 | Bib-Lima15051054 | 15/05/2020 | Libros | Biblioteca Central Lima | Biblioteca Central Lima | 15/05/2020 |